[Event "Vitrolles-ch 13th"]
[Site "Vitrolles"]
[Date "2013.03.09"]
[Round "8"]
[White "Bouillot, Quentin"]
[Black "Urcun, Gael"]
[Result "1-0"]
[WhiteElo "1692"]
[BlackElo "1689"]
[PlyCount "83"]
[EventDate "2012.03.09"]
[EventType "swiss"]
[EventRounds "9"]
[EventCountry "FRA"]
[SourceTitle "EXT 2014"]
[Source "ChessBase"]
[SourceDate "2013.11.20"]
[SourceVersion "1"]
[SourceVersionDate "2013.11.20"]
[SourceQuality "1"]

1. d4 Nf6 2. c4 g6 3. Nc3 Bg7 4. e4 d6 5. Nf3 0-0 6. Bd3 e5 7. 0-0 Bg4 8. d5 Na6 9. a3 Nc5 10. Bc2 a5 11. Bg5 h6 12. Be3 b6 13. h3 Bh5 14. Bxc5 bxc5 15. Ba4 g5 16. Qd3 g4 17. hxg4 Nxg4 18. Ne2 Bg6 19. Ng3 h5 20. Rab1 h4 21. Nf5 Bf6 22. Rfe1 Kh7 23. Qd2 Bxf5 24. exf5 Rg8 25. Re4 Qe7 26. Bc2 Rg7 27. Nxh4 Rag8 28. Ng6 Nh2 29. Kxh2 fxg6 30. fxg6+ Rxg6 31. Rg4 Qf7 32. Qd3 e4 33. Qxe4 Be5+ 34. Kg1 Bd4 35. Rh4+ Kg7 36. Qxg6+ Qxg6 37. Bxg6 Kxg6 38. Rg4+ Kf7 39. Rxg8 Kxg8 40. g4 Kg7 41. Kg2 a4 42. b3 1-0

[Event "Vitrolles-ch 13th"]
[Site "Vitrolles"]
[Date "2012.10.20"]
[Round "2"]
[White "Bouillot, Quentin"]
[Black "Derien, Robert"]
[Result "1-0"]
[WhiteElo "1692"]
[BlackElo "1699"]
[PlyCount "157"]
[EventDate "2012.03.09"]
[EventType "swiss"]
[EventRounds "9"]
[EventCountry "FRA"]
[SourceTitle "EXT 2014"]
[Source "ChessBase"]
[SourceDate "2013.11.20"]
[SourceVersion "1"]
[SourceVersionDate "2013.11.20"]
[SourceQuality "1"]

1. d4 Nf6 2. c4 e5 3. dxe5 Ng4 4. Nf3 Nc6 5. Bf4 Bb4+ 6. Nbd2 Qe7 7. e3 Ngxe5 8. Nxe5 Nxe5 9. Be2 d6 10. Bxe5 dxe5 11. 0-0 0-0 12. a3 Bxd2 13. Qxd2 Be6 14. Rfd1 f5 15. Qa5 c5 16. Qc3 Qc7 17. Rd2 Rad8 18. Rad1 Rxd2 19. Rxd2 e4 20. b4 b6 21. h3 f4 22. exf4 Qxf4 23. Qe3 Qe5 24. bxc5 bxc5 25. Bf3 Rb8 26. Bxe4 Qa1+ 27. Kh2 Qe5+ 28. g3 Qf6 29. Qxc5 Qh6 30. Rd1 Qxh3+ 31. Kg1 Qg4 32. Qd6 Re8 33. Re1 g6 34. Bd5 Kf7 35. Qd7+ Re7 36. Bxe6+ Qxe6 37. Rxe6 Rxd7 38. Rc6 Rb7 39. Kg2 Kg7 40. Kh3 Kh6 41. Kg4 Rf7 42. f4 Kg7 43. c5 h5+ 44. Kh4 Rb7 45. Rc8 Kf6 46. g4 hxg4 47. Kxg4 a5 48. Ra8 Rb5 49. Ra6+ Kg7 50. c6 Rc5 51. Ra7+ Kf6 52. c7 Ke6 53. c8Q+ Rxc8 54. Rxa5 Kf7 55. Kg5 Rc6 56. a4 Kg7 57. Ra8 Rc5+ 58. Kg4 Rc7 59. a5 Kf7 60. Ra6 Rc5 61. Ra8 Ke7 62. Kh4 Kd7 63. Ra6 Kc7 64. Rxg6 Rxa5 65. Rg5 Ra8 66. f5 Kd7 67. Rg7+ Kd6 68. Kg5 Rf8 69. f6 Re8 70. Kf5 Re5+ 71. Kg6 Re1 72. Rg8 Rg1+ 73. Kf7 Rf1 74. Ra8 Ke5 75. Ke7 Re1 76. f7 Kf5+ 77. Kd6 Rd1+ 78. Kc5 Rc1+ 79. Kd4 1-0